header

Byzantium in the year 1000 (Record no. 141113)

MARC details
000 -LEADER
fixed length control field 01521nam a2200349 a 4500
082 04 - DEWEY DECIMAL CLASSIFICATION NUMBER
Classification number 949.5/02
245 00 - TITLE STATEMENT
Title Byzantium in the year 1000
260 ## - PUBLICATION, DISTRIBUTION, ETC. (IMPRINT)
Place of publication Leiden ;
-- Boston :
Name of publisher Brill,
Year of publication 2003.
300 ## - PHYSICAL DESCRIPTION
Number of Pages xx, 284 p.
490 1# - SERIES STATEMENT
Series statement The medieval Mediterranean,
500 ## - GENERAL NOTE
General note Chapters 2-7 originated in papers delivered at the International Congress of Historical Sciences, Oslo, August 2000.
700 1# - ADDED ENTRY--PERSONAL NAME
Personal name Magdalino, Paul.
856 40 - ELECTRONIC LOCATION AND ACCESS
Uniform Resource Identifier http://site.ebrary.com/lib/rucke/Doc?id=10175340

No items available.

© 2026 Rongo University
Contact us: librarian | system librarian | Rongo university